Deutsche Aussprache koreanischer Buchstaben (Hunminjeongeum) - Statistiken

Allgemein
  • Dieses Quiz wurde 81 mal gespielt
    80 seit der letzten Aktualisierung
  • Das Durchschnittsergebnis liegt bei 26 aus 40
Antwortstatistiken
Hint Antwort % Korrekt
n
88%
m
85%
p,b
85%
–,ng
83%
r,l
81%
t,d
81%
a
79%
k,g
79%
pp,p
75%
u
75%
h,–
73%
i
73%
kk,k
73%
o
71%
yu
71%
ae
69%
ch,j,t
69%
yo
69%
s
67%
ss,t
67%
tt,t
67%
yae
67%
p’,p
65%
wae
65%
ye
65%
eu
63%
wa
63%
we
63%
yeo
63%
ya
60%
cch,t
58%
eo
52%
e
48%
t’,t
48%
wo
48%
k’,k
44%
ui
44%
ch’,t
38%
wi
31%
oe
17%
Keine übereinstimmenden Quizze gefunden
Verteilung der Resultate
Anzahl Personen mit jedem Resultat
Perzentil nach korrekt beantworteten Fragen
Ihre Resultats-Entwicklung
Sie haben dieses Quiz seit der letzten Aktualisierung nicht gespielt